Loading...
| Science - Biology | 0 | 8 | 0 | 1 | 80 | 52 | 84.63 | 1 | 4 |
| Science - Chemistry | 0 | 6 | 1 | 0 | 55 | 55 | 77.83 | 1 | 4 |
| Literature - European Literature | 0 | 4 | 0 | 2 | 40 | 86 | 104.75 | 0 | 0 |
| Mythology | 0 | 4 | 0 | 2 | 40 | 80 | 107.00 | 0 | 0 |
| Literature - British Literature | 0 | 4 | 0 | 1 | 40 | 83 | 106.75 | 0 | 0 |
| Literature - World/Other Literature | 0 | 3 | 0 | 0 | 30 | 95 | 106.67 | 0 | 3 |
| Geography/Current Events | 0 | 3 | 0 | 1 | 30 | 55 | 103.00 | 0 | 0 |
| Science - Physics | 0 | 3 | 0 | 0 | 30 | 59 | 78.67 | 0 | 0 |
| Fine Arts - Classical Music | 0 | 3 | 1 | 0 | 25 | 81 | 88.00 | 0 | 0 |
| History - World History | 0 | 2 | 0 | 0 | 20 | 86 | 101.50 | 0 | 0 |
| Religion | 0 | 2 | 0 | 1 | 20 | 125 | 131.00 | 0 | 0 |
| History - American History | 0 | 2 | 0 | 0 | 20 | 100 | 101.50 | 0 | 1 |
| Fine Arts - Other Fine Arts | 0 | 2 | 1 | 0 | 15 | 74 | 98.00 | 0 | 2 |
| Literature - American Literature | 0 | 1 | 0 | 1 | 10 | 133 | 133.00 | 0 | 0 |
| History - Other History | 0 | 1 | 0 | 1 | 10 | 72 | 72.00 | 0 | 1 |
| History - European History | 0 | 1 | 0 | 0 | 10 | 124 | 124.00 | 0 | 0 |
| Pop Culture | 0 | 1 | 0 | 0 | 10 | 126 | 126.00 | 0 | 0 |
| Science - Other Science | 0 | 1 | 0 | 0 | 10 | 91 | 91.00 | 0 | 1 |
| Social Science | 0 | 1 | 1 | 0 | 5 | 99 | 99.00 | 0 | 0 |
| Philosophy | 0 | 1 | 1 | 0 | 5 | 65 | 65.00 | 0 | 1 |
| Fine Arts - Visual Fine Arts | 0 | 0 | 0 | 0 | 0 | 0.00 | 0 | 0 |